| 000 | 00867cam a22002655a 4500 | ||
|---|---|---|---|
| 001 | 16135542 | ||
| 005 | 20160404153819.0 | ||
| 008 | 100315s2010 enkab frb f001 0 eng d | ||
| 010 | _a 2010277419 | ||
| 020 | _a9780199545728 (pbk.) | ||
| 035 | _a(OCoLC)ocn444383414 | ||
| 040 |
_aUKM _beng _cUKM _dBWK _dITJCU _dC#P _dBTCTA _dYDXCP _dBWX _dDLC _dEG-ScBUE |
||
| 082 | 0 | 4 |
_a297.09 _bSIL _222 |
| 100 | 1 |
_aSilverstein, Adam J. _939773 |
|
| 245 | 1 | 0 |
_aIslamic history : _ba very short introduction / _cAdam J. Silverstein. |
| 260 |
_aOxford ; _aNew York : _bOxford University Press, _c2010. |
||
| 300 |
_axviii, 157 p. : _bill., maps ; _c18 cm. |
||
| 490 | 0 |
_aVery short introductions ; _v220 |
|
| 500 | _aIndex : p. 147-157. | ||
| 504 | _aBibliography : p. 141-145. | ||
| 650 | 0 |
_aIslam _xHistory. _2BUEsh |
|
| 651 | _2BUEsh | ||
| 653 |
_bEEENG _cApril2016 |
||
| 942 | _2ddc | ||
| 999 |
_c21583 _d21555 |
||